[Event "Lille Luce op 1st"]
[Site "Lille"]
[Date "2010.04.04"]
[Round "2"]
[White "Briet, Guillaume"]
[Black "Vernay, Clovis"]
[Result "1/2-1/2"]
[WhiteElo "2081"]
[BlackElo "2440"]
[PlyCount "131"]
[EventDate "2010.04.03"]
[EventType "swiss"]
[EventRounds "9"]
[EventCountry "FRA"]
[SourceTitle "EXT 2011"]
[Source "ChessBase"]
[SourceDate "2010.11.26"]
[SourceVersion "1"]
[SourceVersionDate "2010.11.26"]
[SourceQuality "1"]

1. e4 e6 2. d4 d5 3. Nc3 Bb4 4. e5 b6 5. Qg4 Bf8 6. Bg5 Qd7 7. f4 Ba6 8. Bxa6 Nxa6 9. Qe2 Nb4 10. 0-0-0 Nc6 11. g4 Bb4 12. Qf3 h6 13. Bh4 Nge7 14. Nge2 0-0-0 15. f5 Rde8 16. Rhf1 Bxc3 17. Nxc3 h5 18. Bxe7 Qxe7 19. h3 Qg5+ 20. Kb1 hxg4 21. hxg4 Kb7 22. Ne2 Rh4 23. Rg1 Na5 24. b3 Kb8 25. Rdf1 Rh2 26. Rh1 Reh8 27. fxe6 fxe6 28. Rxh2 Rxh2 29. Nf4 Rh6 30. Nh5 Rg6 31. Nf4 Rh6 32. Nh5 Kb7 33. c4 Nc6 34. cxd5 Qg6+ 35. Ka1 Nxd4 36. Qc3 Qe4 37. Rc1 c5 38. dxc6+ Nxc6 39. Nxg7 Rg6 40. Ne8 Qxe5 41. Qxe5 Nxe5 42. Nd6+ Ka6 43. Rc7 Rxg4 44. a4 Ka5 45. Rxa7+ Kb4 46. Rb7 Rg1+ 47. Kb2 Rg2+ 48. Kc1 Kc3 49. Ne4+ Kd4 50. Rxb6 Kxe4 51. Rxe6 Kd4 52. Re8 Kc3 53. Kd1 Nd7 54. Rc8+ Kb4 55. Rd8 Nc5 56. Rb8+ Kc3 57. Ke1 Ne4 58. Rd8 Ng3 59. a5 Re2+ 60. Kd1 Ra2 61. Ke1 Ne4 62. b4 Nd2 63. Ke2 Nc4+ 64. Kf3 Kxb4 65. a6 Rxa6 66. Kf4 1/2-1/2

[Event "Le Touquet op"]
[Site "Le Touquet"]
[Date "2006.10.30"]
[Round "3"]
[White "Briet, Guillaume"]
[Black "Lacrosse, Marc"]
[Result "0-1"]
[WhiteElo "2128"]
[BlackElo "2238"]
[PlyCount "68"]
[EventDate "2006.10.28"]
[EventType "swiss"]
[EventRounds "9"]
[EventCountry "FRA"]
[SourceTitle "EXT 2007"]
[Source "ChessBase"]
[SourceDate "2006.11.23"]
[SourceVersion "1"]
[SourceVersionDate "2006.11.23"]
[SourceQuality "1"]

1. e4 e5 2. d4 exd4 3. Bc4 Nc6 4. Nf3 Bc5 5. 0-0 d6 6. c3 Bg4 7. b4 Bb6 8. Qb3 Bxf3 9. Bxf7+ Kf8 10. gxf3 Qf6 11. Bxg8 Rxg8 12. f4 Qg6+ 13. Kh1 Qxe4+ 14. f3 Qe2 15. Qd1 Qxd1 16. Rxd1 dxc3 17. Nxc3 Nxb4 18. Ne4 h6 19. a4 a5 20. f5 d5 21. Ng3 Kf7 22. Bb2 Rae8 23. Rac1 c6 24. Kg2 Re3 25. Bd4 Bxd4 26. Rxd4 Rge8 27. Rg4 R8e7 28. f6 gxf6 29. Nf5 Re2+ 30. Kg3 R7e5 31. Nxh6+ Ke6 32. h4 Rh5 33. Ng8 Kd7 34. Rg1 f5 0-1

[Event "FRA-chT2B 0506"]
[Site "France"]
[Date "2006.04.02"]
[Round "11.1"]
[White "Larrat, Philippe"]
[Black "Briet, Guillaume"]
[Result "1-0"]
[WhiteElo "2171"]
[BlackElo "2149"]
[PlyCount "80"]
[EventDate "2005.10.27"]
[EventType "team-tourn"]
[EventRounds "11"]
[EventCountry "FRA"]
[SourceTitle "EXT 2006"]
[Source "ChessBase"]
[SourceDate "2005.11.24"]
[SourceVersion "1"]
[SourceVersionDate "2005.11.24"]
[SourceQuality "1"]
[WhiteTeam "Creteil  II"]
[BlackTeam "Lille"]
[WhiteTeamCountry "FRA"]
[BlackTeamCountry "FRA"]

1. e4 e5 2. Nf3 Nf6 3. Nxe5 d6 4. Nf3 Nxe4 5. d4 d5 6. Bd3 Bd6 7. 0-0 0-0 8. c4 c6 9. Re1 Bg4 10. Bxe4 dxe4 11. Rxe4 f5 12. Re6 Na6 13. Nbd2 Nc7 14. Re1 Re8 15. Rxe8+ Qxe8 16. Qb3 Kh8 17. c5 Bf4 18. Nc4 Nd5 19. Bxf4 Nxf4 20. Nd6 Qe6 21. Qxb7 Rf8 22. Re1 Qd5 23. Qf7 Qxf7 24. Nxf7+ Kg8 25. N7e5 Bxf3 26. Nxf3 Nd3 27. Re7 a5 28. Ne5 Nxb2 29. Nxc6 Nd3 30. Re3 Nf4 31. Ne7+ Kf7 32. Nxf5 Rb8 33. h3 Rb1+ 34. Kh2 Rb2 35. Nd6+ Kg6 36. Rg3+ Kh5 37. Rxg7 Rxf2 38. c6 Ne6 39. Rxh7+ Kg6 40. Re7 Rf6 1-0

[Event "Cappelle op 21st"]
[Site "Cappelle la Grande"]
[Date "2005.02.16"]
[Round "6"]
[White "Briet, Guillaume"]
[Black "Rendle, Thomas E"]
[Result "0-1"]
[WhiteElo "2143"]
[BlackElo "2370"]
[PlyCount "102"]
[EventDate "2005.02.12"]
[EventType "swiss"]
[EventRounds "9"]
[EventCountry "FRA"]
[SourceTitle "EXT 2006"]
[Source "ChessBase"]
[SourceDate "2005.11.24"]
[SourceVersion "1"]
[SourceVersionDate "2005.11.24"]
[SourceQuality "1"]

1. e4 e6 2. d4 d5 3. Nc3 Bb4 4. e5 c5 5. a3 Ba5 6. b4 cxd4 7. Nb5 Bc7 8. f4 Bd7 9. Nxc7+ Qxc7 10. Nf3 Nh6 11. Bd3 a6 12. 0-0 Bb5 13. Bxb5+ axb5 14. Bb2 Nf5 15. Bxd4 h5 16. Qd3 Qc4 17. Qxc4 bxc4 18. a4 Nc6 19. c3 Nfxd4 20. Nxd4 Nxd4 21. cxd4 Kd7 22. Kf2 Rhc8 23. Ke3 c3 24. Kd3 Rc4 25. a5 Kc6 26. Rfc1 Kb5 27. Rxc3 Rxc3+ 28. Kxc3 Rc8+ 29. Kd3 Rc4 30. f5 exf5 31. Rf1 g6 32. Re1 Rxb4 33. e6 fxe6 34. Rxe6 Rb3+ 35. Kc2 Kc4 36. a6 Rb5 37. Rxg6 bxa6 38. Rxa6 Kxd4 39. Rh6 Ke3 40. Rxh5 d4 41. Rh3+ Ke2 42. Rh8 d3+ 43. Kc3 Rc5+ 44. Kd4 d2 45. Kxc5 d1Q 46. Rh3 Qg1+ 47. Kc4 Qxg2 48. Rc3 Qe4+ 49. Kb3 Qb1+ 50. Kc4 f4 51. Kd4 Qb2 0-1

[Event "Bethune op-A 25th"]
[Site "Bethune"]
[Date "2004.12.26"]
[Round "1"]
[White "Korneev, Oleg"]
[Black "Briet, Guillaume"]
[Result "1-0"]
[WhiteElo "2583"]
[BlackElo "2143"]
[PlyCount "37"]
[EventDate "2004.12.26"]
[EventType "swiss"]
[EventRounds "7"]
[EventCountry "FRA"]
[SourceTitle "CBM 104 Extra"]
[Source "ChessBase"]
[SourceDate "2005.03.01"]
[SourceVersion "1"]
[SourceVersionDate "2005.03.01"]
[SourceQuality "1"]

1. e4 e5 2. Nf3 Nf6 3. d4 Nxe4 4. Bd3 d5 5. Nxe5 Nd7 6. Nc3 Nxc3 7. bxc3 Nxe5 8. dxe5 Qh4 9. 0-0 Bc5 10. Qf3 c6 11. Be3 Be7 12. Qe2 0-0 13. f4 f6 14. e6 f5 15. Rf3 Qf6 16. Bd4 Qh6 17. Rh3 Qxf4 18. Rf1 Qd6 19. Qh5 1-0